[Event "ch-TUR w"]
[Site "Konya TUR"]
[Date "2010.07.14"]
[Round "9"]
[White "Ulusoy,Nisan"]
[Black "Yolal,Sena Gokcen"]
[Result "1/2-1/2"]
[WhiteElo "1613"]
[BlackElo "1662"]

1.e4 c5 2.Nf3 d6 3.d4 cxd4 4.Nxd4 Nf6 5.Nc3 a6 6.g3 e5 7.Nb3 Be6 8.Bg2 Be7
9.O-O O-O 10.Kh1 Qd7 11.Bg5 Bc4 12.Ne2 Qg4 13.Bxf6 Bxe2 14.f3 Bxd1 15.fxg4 Bxf6
16.Raxd1 Be7 17.Na5 Nc6 18.Nc4 Rad8 19.Ne3 Bg5 20.Nf5 Be7 21.c3 Rd7 22.Bh3 Rfd8
23.Ne3 Bg5 24.Nd5 Ne7 25.Rd3 Nxd5 26.Rxd5 Rc7 27.Rfd1 Rc4 28.Bg2 Rc6 29.Bf1 Kf8
30.c4 Be3 31.R5d3 Bd4 32.b3 Ke7 33.h4 h6 34.R1d2 g6 35.Bh3 b5 36.cxb5 axb5
37.Bf1 Rdc8 38.Rf3 Rb6 39.Bd3 Rc1+ 40.Rf1 Rc3 41.Kg2 Ke6 42.Rfd1 Rc5 43.Rc2  1/2-1/2

[Event "ZDMI Open"]
[Site "Dresden GER"]
[Date "2010.07.16"]
[Round "7"]
[White "Schirmer,W"]
[Black "Teuchert,S"]
[Result "1-0"]
[WhiteElo "2087"]
[BlackElo "1931"]

1.e4 c5 2.Nf3 d6 3.d4 cxd4 4.Nxd4 Nf6 5.Nc3 a6 6.g3 e5 7.Nde2 Be7 8.Bg2 Nbd7
9.h3 b5 10.Be3 Bb7 11.g4 b4 12.Nd5 Nxd5 13.exd5 Rc8 14.Ng3 g6 15.O-O O-O
16.Qd2 a5 17.Bh6 Re8 18.a3 Rc4 19.axb4 axb4 20.Be3 Qc7 21.Rfc1 Rc8 22.Be4 Nc5
23.Bg2 Na6 24.Bf1 Rxc2 25.Rxc2 Qxc2 26.Qxc2 Rxc2 27.Bxa6 Bxd5 28.Rd1 Bf3
29.Rd2 Rxd2 30.Bxd2 d5 31.Bb7 Bc5 32.Nf1 f5 33.gxf5 gxf5 34.Ne3 Bxe3 35.fxe3 b3
36.Bc3 f4 37.Bxe5 fxe3 38.Bd4 Kf7 39.Bxe3 Ke6 40.Kf2 Be4 41.Bd4 Kd6 42.Ke3 Bf5
43.h4 h5 44.Ba6 Bg4 45.Be2 Bxe2 46.Kxe2 Kc6 47.Kd3  1-0

[Event "2nd Open"]
[Site "Rethymno GRE"]
[Date "2010.07.16"]
[Round "5"]
[White "Prasanna,Ra"]
[Black "Romanos,T"]
[Result "1-0"]
[WhiteElo "2373"]
[BlackElo "2082"]

1.e4 c5 2.Nf3 d6 3.d4 cxd4 4.Nxd4 Nf6 5.Nc3 a6 6.g3 e5 7.Nb3 Nbd7 8.a4 b6
9.Bg2 Bb7 10.O-O Be7 11.Nd2 Rc8 12.Re1 O-O 13.Nf1 Nc5 14.Bg5 Ne6 15.Bxf6 Bxf6
16.Ne3 Nd4 17.Ncd5 Bg5 18.f4 Bh6 19.c3 exf4 20.Ng4 Ne6 21.Nxh6+ gxh6 22.Qg4+ Kh8
23.Nxf4 Qg5 24.Qxg5 hxg5 25.Nd5 Bxd5 26.exd5 Nc5 27.Bf1 Rc7 28.b4 Nb3 29.Ra3 Nd2
30.Kf2 Nxf1 31.Kxf1 Kg7 32.Re3 Rfc8 33.Ke2 h5 34.Kd2 Kf6 35.Ra1 Rc4 36.Rf1+ Kg6
37.Ref3 h4 38.gxh4 Rxh4 39.R1f2 Rhc4 40.Rf6+ Kh5 41.R2f3 a5 42.bxa5 bxa5
43.Rxd6 f5 44.Re6 f4 45.d6 Rd8 46.Rd3 Rc6 47.Rd5 Kg4 48.Kd3 Rdc8 49.d7 Rxc3+
50.Kd4  1-0

[Event "Open"]
[Site "Antakya TUR"]
[Date "2010.07.20"]
[Round "9"]
[White "Erdogdu,M"]
[Black "Bakr,J"]
[Result "0-1"]
[WhiteElo "2448"]
[BlackElo "2354"]

1.e4 c5 2.Nf3 d6 3.d4 cxd4 4.Nxd4 Nf6 5.Nc3 a6 6.g3 e5 7.Nb3 Nbd7 8.a4 b6
9.Bg2 Bb7 10.O-O Be7 11.Re1 Rc8 12.Nd2 O-O 13.Nf1 h6 14.Ne3 Re8 15.Nf5 Nc5
16.Nxe7+ Rxe7 17.Nd5 Nxd5 18.exd5 Qd7 19.a5 b5 20.b3 f5 21.Bb2 Rf8 22.Qh5 Bc8
23.Re2 f4 24.gxf4 Rxf4 25.Rae1 Qd8 26.Re3 Ref7 27.Rg3 Rxf2 28.Bc1 Qxa5 29.Rd1 Qa2
30.Bxh6 Qxc2 31.Rc1 Qb2 32.Qh4 R2f6 33.Be3 Bf5 34.Rf1 Bg6 35.Rxf6 Rxf6 36.h3 Qe2
37.b4 Ne4 38.Rxg6 Qxe3+ 39.Kh2 Rxg6 40.Qd8+ Kh7 41.Qh4+ Qh6 42.Qxe4 Qg5  0-1

[Event "XIV Battle Of Senta"]
[Site "Senta SRB"]
[Date "2010.07.20"]
[Round "5"]
[White "Petkovic,R"]
[Black "Ardeleanu,A"]
[Result "1/2-1/2"]
[WhiteElo "2281"]
[BlackElo "2399"]

1.e4 c5 2.Nf3 d6 3.d4 cxd4 4.Nxd4 Nf6 5.Nc3 a6 6.g3 e5 7.Nde2 Be6 8.Bg2 Be7
9.h3 Nbd7 10.a4 Rc8 11.O-O O-O 12.b3 Re8 13.Be3 Nc5 14.a5 Qc7 15.Nd5 Nxd5
16.exd5 Bf5 17.Kh2 h6 18.Ra3 Bg5 19.Bxg5 hxg5 20.c4 Nd3 21.Nc3 Qc5 22.Ra2 e4
23.Nxe4 Bxe4 24.Bxe4 Rxe4 25.Qxd3 Rce8 26.Rd1 f5 27.Kg2 f4 28.Rdd2 fxg3 29.Qxg3 R8e5
30.Qc3 g4 31.Rd3 gxh3+ 32.Rxh3 Qc7 33.Qf3 Qc8 34.Rg3 Qd8 35.Ra1 Rh4  1/2-1/2

[Event "Open A"]
[Site "Oberwart AUT"]
[Date "2010.07.21"]
[Round "9"]
[White "Schreiner,Pe"]
[Black "Lechner,Daniel"]
[Result "1/2-1/2"]
[WhiteElo "2275"]
[BlackElo "2131"]

1.e4 c5 2.Nc3 a6 3.Nf3 d6 4.d4 cxd4 5.Nxd4 Nf6 6.g3 Nc6 7.Nde2 e6 8.Bg2 Be7
9.O-O O-O 10.h3 Qc7 11.g4 h6 12.f4 Nh7 13.Qe1 g5 14.Kh1 Bd7 15.b3 Rac8 16.Bb2 b5
17.a3 Qb6 18.Rd1 Rfd8 19.Ng3 gxf4 20.Rxf4 Ne5 21.Nh5 Rf8 22.Qg3 Ng6 23.Rff1 Qc5
24.Nf4 Bc6 25.Nd3 Qb6 26.Rd2 Bb7 27.Nd1 Bg5 28.Re2 Rc7 29.c3 Rfc8 30.Qf2 Qxf2
31.Rexf2 Nh4 32.Re2 Nf8 33.N1f2  1/2-1/2

[Event "21st Czech Rapid Open"]
[Site "Pardubice CZE"]
[Date "2010.07.21"]
[Round "2"]
[White "Ageichenko,G"]
[Black "Navara,D"]
[Result "0-1"]
[WhiteElo "2402"]
[BlackElo "2731"]

1.e4 c5 2.Nf3 d6 3.d4 cxd4 4.Nxd4 Nf6 5.Nc3 a6 6.g3 e5 7.Nb3 Be7 8.Bg2 Be6
9.O-O Nbd7 10.a4 Rc8 11.h3 O-O 12.Be3 Nb6 13.Bxb6 Qxb6 14.Nd5 Nxd5 15.exd5 Bf5
16.c3 Bg6 17.a5 Qb5 18.Re1 Bd3 19.Nc1 Bg6 20.Qb3 Qd7 21.Qa4 Qc7 22.Nb3 f5
23.Qb4 h5 24.h4 Bf6 25.Rad1 Rb8 26.Nd2 b6 27.axb6 Rxb6 28.Qa3 Rfb8 29.b4 e4
30.Rc1 a5 31.Bf1 axb4 32.cxb4 Qd8 33.b5 Be8 34.Nc4 Rxb5 35.Qxd6 Rxd5 36.Qxd8 Rdxd8
37.Ne3 Bg6 38.Rc7 Rd2 39.Bc4+ Kh7 40.Be6 Bd4 41.Rc4 Rbb2 42.Bxf5 Bxf5 43.Rxd4 Rxd4
44.Nxf5 Rdd2 45.Rf1 Kg6 46.Ne3 Re2 47.Nc4 Ra2 48.Ne3 Kf7 49.Ng2 g6 50.Ne3 Ke6
51.Kg2 Rxe3 52.Kg1  0-1

[Event "Tch-POR 1st Div Final"]
[Site "Vila Nova de Gaia POR"]
[Date "2010.07.28"]
[Round "3"]
[White "Rubio Mejia,L"]
[Black "Pintor,A"]
[Result "1-0"]
[WhiteElo "2354"]
[BlackElo "2106"]

1.e4 c5 2.Nf3 d6 3.d4 cxd4 4.Nxd4 Nf6 5.Nc3 a6 6.g3 e5 7.Nde2 Nbd7 8.Bg2 b5
9.O-O Be7 10.h3 b4 11.Nd5 Nxd5 12.exd5 a5 13.a3 Rb8 14.axb4 axb4 15.Be3 Bg5
16.Qd2 Bxe3 17.Qxe3 O-O 18.g4 Qb6 19.Qg5 Ba6 20.Rfe1 Bxe2 21.Rxe2 Nc5 22.b3 Ra8
23.Ree1  1-0

[Event "Tch-POR 1st Div Final"]
[Site "Vila Nova de Gaia POR"]
[Date "2010.07.28"]
[Round "5.2"]
[White "Pintor,Ar"]
[Black "Rubio Mejia,L"]
[Result "0-1"]
[WhiteElo "2106"]
[BlackElo "2354"]

1.e4 c5 2.Nf3 d6 3.d4 cxd4 4.Nxd4 Nf6 5.Nc3 a6 6.g3 e5 7.Nde2 Nbd7 8.Bg2 b5
9.O-O Be7 10.h3 b4 11.Nd5 Nxd5 12.exd5 a5 13.a3 Rb8 14.axb4 axb4 15.Be3 Bg5
16.Qd2 Bxe3 17.Qxe3 O-O 18.g4 Qb6 19.Qg5 Ba6 20.Rfe1 Bxe2 21.Rxe2 Nc5 22.b3 Ra8
23.Ree1 Ra7 24.h4 Rb7 25.h5 Qd8 26.Qxd8 Rxd8 27.Ra5 Kf8 28.Be4 h6 29.Bf5 Rdb8
30.Rea1 Ke7 31.Kf1 Kf6 32.Ke2 e4 33.Ke3 Re7 34.Rxc5 dxc5 35.Ra6+ Kg5 36.d6 Re5
37.d7 Rd8 38.Rc6 Rxf5 39.gxf5 Rxd7 40.Rxc5 Kxh5 41.f6+ g5 42.Kxe4 Kg6 43.Ke5 Rd2
44.f3 h5 45.Rc8 Re2+ 46.Kd4 h4 47.Kd3 Re6 48.Rc4 Rxf6 49.Rxb4 Rxf3+ 50.Ke2 Rc3
51.Kd2 Rc8 52.Ra4 h3 53.Ra1 g4 54.c4 Kg5 55.Ke3 f5 56.Kf2 Kf4 57.Rc1 g3+
58.Kg1 Rb8 59.c5 Rxb3 60.c6 Rb8 61.c7 Rc8 62.Rc3 Kg4 63.Rc6 f4 64.Rc4 Kf5
65.Rc3 Ke5 66.Rc6 Kd5 67.Rc3 Kd6 68.Rc1 Rxc7 69.Rd1+ Ke5 70.Re1+ Kf5 71.Ra1 Kg4
72.Kh1 Rc3 73.Rb1 Rf3 74.Ra1 g2+  0-1

[Event "IM"]
[Site "Szombathely HUN"]
[Date "2010.07.31"]
[Round "5"]
[White "Ruck,T"]
[Black "Jurcik,Mart"]
[Result "1/2-1/2"]
[WhiteElo "2279"]
[BlackElo "2382"]

1.e4 c5 2.Nf3 d6 3.d4 cxd4 4.Nxd4 Nf6 5.Nc3 a6 6.g3 e5 7.Nb3 Be6 8.Bg2 Be7
9.O-O O-O 10.a4 Nc6 11.Nd5 Bxd5 12.exd5 Na5 13.Nxa5 Qxa5 14.Ra3 Rac8 15.c3 Nd7
16.b4 Qd8 17.a5 f5 18.f4 Bf6 19.Bd2 g6 20.Re1 Qe7 21.Bf1 Qg7 22.c4 Rfe8 23.Kh1 h5
24.Rae3 Re7 25.c5 dxc5 26.d6 Ree8 27.fxe5 Rxe5 28.Bg2 Rxe3 29.Rxe3 c4 30.Bxb7 Rd8
31.Bd5+ Kh7 32.Be6  1/2-1/2

[Event "Tch-POR 1st Div Final"]
[Site "Vila Nova de Gaia POR"]
[Date "2010.08.01"]
[Round "7"]
[White "De Sousa,Jos"]
[Black "Ftacnik,L"]
[Result "0-1"]
[WhiteElo "2262"]
[BlackElo "2551"]

1.e4 c5 2.Nf3 d6 3.d4 cxd4 4.Nxd4 Nf6 5.Nc3 a6 6.g3 e5 7.Nde2 Be7 8.Bg2 b5
9.O-O Nbd7 10.h3 h5 11.Be3 O-O 12.f4 b4 13.Nd5 Nxd5 14.exd5 a5 15.fxe5 Nxe5
16.Nd4 Ba6 17.Re1 h4 18.g4 Bg5 19.Bf2 Rc8 20.a3 b3 21.Nxb3 f5 22.gxf5 Rxf5
23.Nd4 Rxf2 24.Kxf2 Qf6+ 25.Kg1 Rf8 26.Rf1 Be3+ 27.Kh1 Bxf1 28.Bxf1 Qg6  0-1

[Event "Politiken Cup"]
[Site "Copenhagen DEN"]
[Date "2010.08.04"]
[Round "6"]
[White "Hansen,Mads3"]
[Black "Kovchan,A"]
[Result "0-1"]
[WhiteElo "2165"]
[BlackElo "2571"]

1.e4 c5 2.Nf3 d6 3.d4 cxd4 4.Nxd4 Nf6 5.Nc3 a6 6.g3 g6 7.Bg2 Bg7 8.O-O O-O
9.b3 Nc6 10.Nxc6 bxc6 11.Bb2 Nd7 12.Qd2 a5 13.Na4 Bxb2 14.Nxb2 f6 15.Rfe1 Ne5
16.Qc3 Qb6 17.a4 Be6 18.Bf1 Qd4 19.Re3 c5 20.f4 Ng4 21.Qxd4 cxd4 22.Ree1 Ne3
23.Bd3 Rfc8 24.Re2 Rc5 25.Rae1 Rac8 26.Rxe3 dxe3 27.Bc4 Bxc4 28.Nxc4 Rxc4
29.bxc4 Rxc4 30.Rxe3 Rxc2 31.e5 fxe5 32.fxe5 d5 33.Rd3 Rc4 34.Rxd5 Rxa4 35.h4 Kf7
36.Rb5 Ke6 37.Kg2 h5 38.Kf3 Kf5 39.Rc5 e6 40.Rb5 Ra3+  0-1

[Event "GM3 Proclient Cup"]
[Site "Olomouc CZE"]
[Date "2010.08.10"]
[Round "7"]
[White "Matsenko,S"]
[Black "Raznikov,D"]
[Result "1/2-1/2"]
[WhiteElo "2453"]
[BlackElo "2326"]

1.e4 c5 2.Nf3 d6 3.d4 cxd4 4.Nxd4 Nf6 5.Nc3 a6 6.g3 e5 7.Nb3 Be7 8.Bg2 b5
9.a4 b4 10.Nd5 Nxd5 11.Qxd5 Ra7 12.Be3 Be6 13.Qd3 Rd7 14.O-O O-O 15.Rfd1 Qc8
16.a5 Rc7 17.Rac1 Nd7 18.f4 Qb7 19.Nd2 Nc5 20.Bxc5 Rxc5 21.f5 Bd7 22.Nc4 Qa7
23.Qe3 Bg5 24.Qxg5 Rxc4+ 25.Kh1 f6 26.Qd2 Rd4 27.Qe1 Rc8 28.c3 bxc3 29.Rxc3 Rc5
30.Rdc1 Bc6 31.Rxc5 dxc5 32.Qc3 c4 33.Qb4 Qa8 34.Kg1 Bxe4 35.Bxe4 Qxe4 36.Qb8+ Kf7
37.Qc7+ Ke8 38.Rf1 Qe3+ 39.Kh1 Qe4+ 40.Kg1 Qe3+ 41.Kh1 Qd3 42.Kg1 Rd6 43.Qxg7 Qe3+
44.Kg2 Rd2+ 45.Kh3 Qe2 46.Qg8+ Kd7 47.Qe6+ Kc7  1/2-1/2

[Event "49th WJun"]
[Site "Chotowa POL"]
[Date "2010.08.11"]
[Round "8"]
[White "Dimitrov,Pa"]
[Black "Nyzhnyk,I"]
[Result "0-1"]
[WhiteElo "2365"]
[BlackElo "2543"]

1.e4 c5 2.Nf3 d6 3.d4 cxd4 4.Nxd4 Nf6 5.Nc3 a6 6.g3 e5 7.Nde2 Be6 8.Bg2 Nbd7
9.a4 Be7 10.O-O O-O 11.h3 h5 12.Be3 Qc7 13.Qd2 Rac8 14.b3 Rfd8 15.Ra2 Nc5
16.f4 d5 17.exd5 e4 18.Qe1 Bxd5 19.Kh1 Qd7 20.f5 b5 21.axb5 axb5 22.Qf2 b4
23.Nxd5 Nxd5 24.Bc1 Qb5 25.Bb2 Bf6 26.Bxf6 Nxf6 27.Nf4 Qd7 28.Ra5 Qd2 29.Kh2 e3
30.Qf3 Nce4 31.Re5 Re8 32.Rxe8+ Rxe8 33.Ra1 Nc3 34.Qc6 e2 35.Nd3 e1=Q 36.Nxe1 Rxe1
37.Ra8+ Kh7 38.Qc8 Ne8 39.f6 Qf2 40.h4 Ne2 41.Qb8 Rh1+  0-1

[Event "e2e4 Autumn Challengers F"]
[Site "Uxbridge ENG"]
[Date "2010.08.11"]
[Round "1"]
[White "McKenna,Jas"]
[Black "Byron,A"]
[Result "0-1"]
[WhiteElo "2109"]
[BlackElo "2190"]

1.e4 c5 2.Nf3 d6 3.d4 cxd4 4.Nxd4 Nf6 5.Nc3 a6 6.g3 e5 7.Nde2 Be7 8.Bg2 O-O
9.O-O b5 10.h3 b4 11.Nd5 Nxd5 12.exd5 f5 13.Be3 Bf6 14.c3 a5 15.Qd2 Ba6 16.cxb4 axb4
17.Rfc1 Nd7 18.a3 b3 19.Rc6 Qe7 20.Re1 Bb5 21.Nc3 Ba6 22.a4 Nb8 23.Rb6 Bc4
24.Bf1 Bxf1 25.Kxf1 Qc7 26.Nb5 Qc4+ 27.Kg1 f4 28.gxf4 Rxa4 29.Nxd6 Qc2 30.Qxc2 bxc2
31.fxe5 Bxe5 32.Bc5 Nd7 33.Nb7 Nxb6 34.Bxf8 Bxb2 35.Nc5 Ra1  0-1

[Event "14th HZ Open"]
[Site "Vlissingen NED"]
[Date "2010.08.11"]
[Round "6"]
[White "Lukas,M"]
[Black "Ten Hagen,Y"]
[Result "1/2-1/2"]
[WhiteElo "2035"]
[BlackElo "2227"]

1.e4 c5 2.Nf3 d6 3.d4 cxd4 4.Nxd4 Nf6 5.Nc3 a6 6.g3 e6 7.Bg2 Bd7 8.O-O Nc6
9.Nde2 Be7 10.h3 Rc8 11.Nf4 Ne5 12.Nd3 b5 13.a4 O-O 14.axb5 axb5 15.Na2 Qc7
16.c3 Bc6 17.Re1 Bb7 18.Qe2 Nxd3 19.Qxd3 Ra8 20.Bg5 d5  1/2-1/2

[Event "GM3 Proclient Cup"]
[Site "Olomouc CZE"]
[Date "2010.08.12"]
[Round "9"]
[White "Matsenko,S"]
[Black "Petr,Ma"]
[Result "1-0"]
[WhiteElo "2453"]
[BlackElo "2511"]

1.e4 c5 2.Nf3 d6 3.d4 cxd4 4.Nxd4 Nf6 5.Nc3 a6 6.g3 e6 7.Bg2 Be7 8.O-O Qc7
9.f4 O-O 10.Kh1 Nc6 11.Be3 Re8 12.a4 Na5 13.Bg1 Rb8 14.g4 Nc4 15.g5 Nd7 16.b3 Na5
17.Qd2 Nc6 18.f5 Nde5 19.f6 Bf8 20.fxg7 Bxg7 21.Nce2 Ng6 22.c3 Be5 23.Nf3 Bh8
24.Rad1 Rd8 25.Ng3 Nce5 26.Nh5 Nxf3 27.Rxf3 Be5 28.Nf6+ Kg7 29.Rh3 Rh8 30.Rxh7+ Kf8
31.Rxh8+ Nxh8 32.Bd4 Ng6 33.Bxe5 Nxe5 34.Qxd6+ Qxd6 35.Rxd6 Ke7 36.Rd1 Bd7
37.h4 Rc8 38.c4 b5 39.cxb5 axb5 40.a5  1-0

[Event "Twente Young Masters"]
[Site "Enschede NED"]
[Date "2010.08.13"]
[Round "7"]
[White "Popilski,G"]
[Black "Van Kampen,R"]
[Result "1/2-1/2"]
[WhiteElo "2451"]
[BlackElo "2422"]

1.e4 c5 2.Nf3 d6 3.d4 cxd4 4.Nxd4 Nf6 5.Nc3 a6 6.g3 e6 7.Bg2 Bd7 8.g4 h6
9.h4 g6 10.g5 hxg5 11.hxg5 Rxh1+ 12.Bxh1 Nh5 13.Be3 Nc6 14.Bf3 Ng7 15.Be2 Qc7
16.Nb3 b5 17.a3 Ne5 18.Qd4 Rc8 19.O-O-O Nc4 20.Bxc4 bxc4 21.Nd2 e5 22.Qb6 Qxb6
23.Bxb6 Be7 24.Be3 Be6 25.Na4 Rd8 26.Nb6 c3 27.bxc3 d5 28.exd5 Bxa3+ 29.Kb1 Bxd5
30.Ndc4 Bxc4 31.Rxd8+ Kxd8 32.Nxc4 Be7 33.Nxe5 Ke8 34.f4 Ne6 35.Kb2 Bd6 36.Nd3 Kd7
37.Kb3 Kc6 38.c4 Bc7 39.Nb4+ Kb7 40.Nd3 Kc6 41.Kb4 Nd8 42.Ka4 Ne6 43.Nb4+ Kb7
44.Nd5 Bd6 45.Kb3 Kc6 46.Nb4+ Kb7 47.Nd3 Kc6 48.c3  1/2-1/2

[Event "49th WJun"]
[Site "Chotowa POL"]
[Date "2010.08.14"]
[Round "11"]
[White "Roos,Ad"]
[Black "Aguirre Manzo,L"]
[Result "1/2-1/2"]
[WhiteElo "2097"]
[BlackElo "2203"]

1.e4 c5 2.Nc3 d6 3.Nge2 Nf6 4.d4 cxd4 5.Nxd4 a6 6.g3 g6 7.Bg2 Bg7 8.O-O O-O
9.h3 Nbd7 10.Be3 Nc5 11.Qd2 Ne6 12.Nde2 Rb8 13.Ba7 Ra8 14.Be3 Qc7 15.Nd5 Nxd5
16.exd5 Nc5 17.Bd4 Bxd4 18.Nxd4 e5 19.dxe6 Nxe6 20.c3 Bd7 21.Rfd1 Rad8 22.Qh6 Bc6
23.Rd2 Rfe8 24.Rad1 Nxd4 25.Rxd4 Re2 26.Bxc6 bxc6 27.Qf4 Rxb2 28.Rxd6 Rxd6
29.Rxd6  1/2-1/2

[Event "7th CHN-RUS Rapid"]
[Site "Ningbo CHN"]
[Date "2010.08.14"]
[Round "18"]
[White "Timofeev,Arty"]
[Black "Wang Hao"]
[Result "1/2-1/2"]
[WhiteElo "2690"]
[BlackElo "2724"]

1.e4 c5 2.Nf3 d6 3.d4 cxd4 4.Nxd4 Nf6 5.Nc3 a6 6.g3 e5 7.Nde2 Be7 8.Bg2 O-O
9.h3 b5 10.g4 b4 11.Nd5 Nxd5 12.Qxd5 Ra7 13.Be3 Be6 14.Qd2 Rb7 15.O-O Nd7
16.f4 exf4 17.Nxf4 Ne5 18.Nxe6 fxe6 19.Rxf8+ Qxf8 20.Rf1 Qc8 21.b3 a5 22.g5 Ng6
23.Qf2 Ne5 24.Qe2 Rc7 25.Rf2 Ng6 26.Qg4 Ne5 27.Qd1 Ng6 28.Kh2 Rc6 29.Bf1 Qc7
30.Kh1 Rc3 31.Bd3 Qc8 32.Bd4 Bxg5 33.Bxc3 Qxc3 34.Qg4 Qe5 35.Bc4 Nf4 36.Qf5 Qxf5
37.exf5 d5 38.h4 Bh6 39.Bb5 e5 40.Rf1 Kf7 41.a3 Kf6 42.axb4 axb4 43.Ra1 g6
44.Ra7 gxf5 45.Ra6+ Kg7 46.Ra7+ Kf6 47.Ra6+ Kg7 48.Ra7+  1/2-1/2

[Event "46th Akiba Rubinstein Open A"]
[Site "Polanica Zdroj POL"]
[Date "2010.08.19"]
[Round "1"]
[White "Malisauskas,V"]
[Black "Musialkiewicz,J"]
[Result "1-0"]
[WhiteElo "2516"]
[BlackElo "2109"]

1.e4 c5 2.Nf3 d6 3.d4 cxd4 4.Nxd4 Nf6 5.Nc3 a6 6.g3 e6 7.Bg2 Nc6 8.Nxc6 bxc6
9.e5 Nd5 10.exd6 Bxd6 11.Ne4 Be7 12.c4 Nb4 13.O-O O-O 14.Qa4 Bd7 15.Rd1 Ra7
16.Bg5 f6 17.Be3 c5 18.Qb3 Qa5 19.Qc3 Rc7 20.a3 Nc6 21.Qxa5 Nxa5 22.Nxc5 Bxc5
23.Bxc5 Rxc5 24.Rxd7 Nxc4 25.Rc1 Ne5 26.Rxc5 Nxd7 27.Ra5 Rb8 28.b4 Rb6 29.Bf1 Nb8
30.b5 axb5 31.Rxb5 Nd7 32.a4 Rc6 33.a5 Rc1 34.Rb7 Nf8 35.a6 Ra1 36.a7 h6
37.Kg2 Kh7 38.Bd3+ Ng6 39.Rc7 f5 40.Bc4  1-0

[Event "TCh-SRB 1st League"]
[Site "Vrnjacka Banja SRB"]
[Date "2010.08.26"]
[Round "6"]
[White "Marinkovic,I"]
[Black "Perunovic,Mio"]
[Result "1/2-1/2"]
[WhiteElo "2422"]
[BlackElo "2449"]

1.e4 c5 2.Nf3 d6 3.d4 cxd4 4.Nxd4 Nf6 5.Nc3 a6 6.g3 e5 7.Nb3 Be7 8.a4 O-O
9.Bg2 Bg4 10.Qd3 Nc6 11.Bg5 Nb4 12.Qd2 Rc8 13.O-O h6 14.Bxf6 Bxf6 15.h4 g5
16.hxg5 hxg5 17.a5 Qd7 18.Rfc1 Qe6 19.Ra4 Nc6 20.Nd5 Kg7 21.f3 Bh3 22.g4 Rh8
23.Raa1 Rh7 24.Bxh3 Rxh3 25.Kg2 Rch8  1/2-1/2

[Event "ch-RUS Higher League"]
[Site "Irkutsk RUS"]
[Date "2010.08.30"]
[Round "5"]
[White "Dvoirys,S"]
[Black "Kokarev,Dm"]
[Result "1/2-1/2"]
[WhiteElo "2569"]
[BlackElo "2629"]

1.e4 c5 2.Nf3 d6 3.d4 cxd4 4.Nxd4 Nf6 5.Nc3 a6 6.g3 e5 7.Nb3 Be7 8.Bg2 O-O
9.O-O Nbd7 10.a4 b6 11.Nd2 Bb7 12.Nc4 Nc5 13.a5 bxa5 14.Nxa5 Bxe4 15.Nxe4 Ncxe4
16.Qe2 d5 17.Nc6 Qc7 18.Nxe7+ Qxe7 19.c4 Qb4 20.cxd5 a5 21.Ra3 Rac8 22.Re3 Rc4
23.b3 Rd4 24.Qc2 h6 25.Rfe1 Nc5 26.Rd1 Ng4 27.Rf3 Rd8 28.h3 Nf6 29.Bxh6 e4
30.Rxf6 gxf6 31.Rxd4 Qxd4 32.Be3 Qxd5 33.Qxc5 Qxc5 34.Bxc5 Rd1+ 35.Kh2 Rb1
36.Bb6 a4 37.bxa4 Rxb6 38.Bxe4 Ra6 39.Bc2 Rd6 40.Kg2 Rd2 41.Be4 Ra2 42.Bc6 f5
43.g4 fxg4 44.hxg4 Kg7 45.Kg3 f5 46.f3 Kg6 47.Kf4 fxg4 48.fxg4 Ra1 49.Bb5 Ra2
50.Bc6  1/2-1/2

[Event "ch-RUS Higher League"]
[Site "Irkutsk RUS"]
[Date "2010.09.04"]
[Round "9"]
[White "Dvoirys,S"]
[Black "Sjugirov,S"]
[Result "0-1"]
[WhiteElo "2569"]
[BlackElo "2610"]

1.e4 c5 2.Nf3 d6 3.d4 cxd4 4.Nxd4 Nf6 5.Nc3 a6 6.g3 e5 7.Nb3 Be7 8.Bg2 b5
9.Bg5 Bg4 10.Bf3 Be6 11.a4 b4 12.Bxf6 Bxf6 13.Nd5 a5 14.Bg4 O-O 15.O-O Nd7
16.h3 Nb6 17.Nxb6 Qxb6 18.Qd3 Rfd8 19.Rfd1 Qc6 20.Bxe6 fxe6 21.Qe2 Rdc8 22.Qg4 d5
23.Rd2 Kh8 24.Re2 Rf8 25.Nc1 Rac8 26.Nd3 dxe4 27.Ne1 Bd8 28.Qxe4 Qxe4 29.Rxe4 Bb6
30.Re2 e4 31.Rd1 Rf6 32.Ng2 Rcf8 33.Rdd2 Rf3 34.Ne3 Rxf2 35.Rxf2 Bxe3 36.Kf1 Bxf2
37.Rxf2 Rc8 38.Ke1 Kg8 39.Kd2 Rc4 40.Ke3 b3 41.cxb3 Rb4 42.Rc2 Rxb3+ 43.Kxe4 Rxg3
44.Rc5 Rxh3 45.Rxa5 Kf7 46.Kd4 Rb3 47.Rb5 Rxb5 48.axb5 Ke7 49.Kc5 h5 50.Kc6 h4
51.b6 h3 52.b7 h2 53.b8=Q h1=Q+ 54.Kb6 Qg1+ 55.Kb5 Qf1+ 56.Kb4 Qe1+ 57.Kb5 Qf1+
58.Kb4 Qd3 59.Qg8 Qd2+ 60.Ka3 Qa5+ 61.Kb3 Qe5 62.Ka3 Qa5+ 63.Kb3 g5 64.Qg7+ Kd6
65.Qf8+ Kd5 66.Qg8 Qb5+ 67.Ka3 Qa6+ 68.Kb4 Qb6+ 69.Kc3 Qe3+ 70.Kc2 Qe2+ 71.Kc3 g4
72.Qd8+ Ke4 73.b4 g3 74.Qh4+ Kf3 75.Qf6+ Kg2 76.b5 Qxb5 77.Qxe6 Kf2 78.Kd2 Qb4+
79.Kd3 Qa3+ 80.Kd2 Qb2+ 81.Kd3 g2 82.Qe3+ Kf1 83.Qf3+ Qf2 84.Qd1+ Qe1 85.Qf3+ Kg1
86.Qh5 Qf1+ 87.Ke3 Qf2+ 88.Kd3 Qf4 89.Ke2 Qh2 90.Qc5+ Kh1 91.Qd5 Qh4 92.Qc6 Qh5+
93.Ke3 Qc5+  0-1

[Event "Montreal Open"]
[Site "Montreal CAN"]
[Date "2010.09.11"]
[Round "3"]
[White "Rainfray,A"]
[Black "Dumont,Felix"]
[Result "1-0"]
[WhiteElo "2390"]
[BlackElo "1825"]

1.e4 c5 2.Nf3 d6 3.d4 cxd4 4.Nxd4 Nf6 5.Nc3 a6 6.g3 e5 7.Nde2 Be6 8.Bg2 Be7
9.O-O O-O 10.h3 Nbd7 11.g4 b5 12.Ng3 b4 13.Nd5 Bxd5 14.exd5 Nb6 15.a3 a5
16.Nf5 Re8 17.g5 Nfd7 18.axb4 axb4 19.Rxa8 Qxa8 20.Qg4 Bf8 21.Qxb4 Qa4 22.Qxa4 Nxa4
23.Re1 Rb8 24.b3 Nc3 25.Bd2 Rc8 26.Ne3 Nb6 27.Kf1 Be7 28.h4 f6 29.Bh3 Rc7
30.Ra1 Ne4 31.Be1 fxg5 32.Be6+ Kf8 33.Ra6 Rb7 34.Ba5 Nd7 35.Ra8+ Rb8 36.Ra7 Ndc5
37.Nf5 Nxe6 38.dxe6 Re8 39.hxg5 g6 40.Ne3 Nxg5 41.Nd5 Nxe6 42.Bd2 Nd4 43.b4 Nxc2
44.b5 Nd4 45.b6 Nc6 46.Rc7 Nd8 47.Nxe7 Rxe7 48.Bg5 Re8 49.Bxd8 Rxd8 50.b7  1-0

[Event "WCh w Blitz Quarter-Final"]
[Site "Moscow RUS"]
[Date "2010.09.14"]
[Round "1"]
[White "Kharmunova,N"]
[Black "Dudysheva,Y"]
[Result "1-0"]
[WhiteElo "2121"]
[BlackElo "1841"]

1.e4 c5 2.Nf3 d6 3.d4 cxd4 4.Nxd4 Nf6 5.Nc3 a6 6.g3 e6 7.Bg2 Be7 8.O-O O-O
9.Be3 Nc6 10.Nb3 Bd7 11.g4 h6 12.f4 Bc8 13.Qf3 Qc7 14.Rad1 Rb8 15.g5 hxg5
16.fxg5 Nd7 17.Qh5 Nde5 18.Rf4 Ng6 19.Rf3 e5 20.Nd5 Qd8 21.Bh3 b5  1-0

[Event "39th Olympiad Women"]
[Site "Khanty-Mansiysk RUS"]
[Date "2010.09.23"]
[Round "3"]
[White "Vajda,S"]
[Black "De Rosa,M"]
[Result "1-0"]
[WhiteElo "2342"]
[BlackElo "2073"]

1.e4 c5 2.Nf3 d6 3.d4 cxd4 4.Nxd4 Nf6 5.Nc3 a6 6.g3 e6 7.Bg2 Qc7 8.O-O Nc6
9.Re1 Be7 10.Nxc6 bxc6 11.e5 dxe5 12.Rxe5 Nd5 13.Nxd5 cxd5 14.Bf4 Bd6 15.Qxd5 Rb8
16.Qd4 Qb6 17.Qd2 O-O 18.Rd1 Bxe5 19.Bxe5 Rb7 20.Bxb7 Bxb7 21.Qd6 Qb5 22.Bc3 Qh5
23.Rd3 Bd5 24.b3 f6 25.Bb4 Ra8 26.c4 Qe2 27.Rxd5  1-0

[Event "EYCC Boys U18"]
[Site "Batumi GEO"]
[Date "2010.09.24"]
[Round "6"]
[White "Firat,B"]
[Black "Petrisor,A"]
[Result "1/2-1/2"]
[WhiteElo "2424"]
[BlackElo "2365"]

1.e4 c5 2.Nf3 d6 3.d4 cxd4 4.Nxd4 Nf6 5.Nc3 a6 6.g3 Nc6 7.Bg2 e6 8.Nxc6 bxc6
9.e5 Nd5 10.exd6 Bxd6 11.O-O O-O 12.Na4 Rb8 13.c4 Ne7 14.Qe2 Qa5 15.b3 Nf5
16.Bb2 c5 17.Rad1 Qc7 18.Be4 Bb7 19.Rd3 Bxe4 20.Qxe4 Rbd8 21.Rfd1 Rfe8 22.Kg2 h6
23.Bc3 Bf8 24.Be5 Bd6 25.Bc3 Bf8 26.h3 Be7 27.Be5 Bd6 28.Bc3 Be7 29.Kh2 Rxd3
30.Rxd3 Bf6 31.Bxf6 gxf6 32.Qe2 Kh8 33.Qd1 Qe5 34.Rd7 Rg8 35.Rd3 Kh7 36.Nb6 Nd4
37.Nd7 Qf5 38.Kg2 Qe4+ 39.Kh2 Qf5 40.Kg2 Rd8 41.Nb6 Qe4+ 42.f3 Nxf3 43.Rxd8 Nh4+
44.Kf2 Qg2+ 45.Ke3 Nf5+ 46.Kd3 Qxg3+ 47.Kd2 Qf4+ 48.Kc3 Qe5+ 49.Kd2 Qf4+  1/2-1/2

[Event "EYCC Boys U18"]
[Site "Batumi GEO"]
[Date "2010.09.27"]
[Round "8"]
[White "Firat,B"]
[Black "Raznikov,D"]
[Result "0-1"]
[WhiteElo "2424"]
[BlackElo "2354"]

1.e4 c5 2.Nf3 d6 3.d4 cxd4 4.Nxd4 Nf6 5.Nc3 a6 6.g3 e5 7.Nb3 Be7 8.Bg2 b5
9.O-O Nbd7 10.Bd2 O-O 11.a4 b4 12.Nd5 Nxd5 13.exd5 a5 14.c3 bxc3 15.Bxc3 Qb6
16.Ra3 f5 17.Qd2 Bd8 18.Nxa5 Rxa5 19.Bxa5 Qxa5 20.b4 Qa7 21.a5 Bb6 22.Qc1 Bd4
23.Qc6 Nf6 24.Qxd6 Ne4 25.Qc6 Nf6 26.Qd6 Ne4 27.Qc6 Bd7 28.Qc2 Bb5  0-1

[Event "EYCC Girls U14"]
[Site "Batumi GEO"]
[Date "2010.09.28"]
[Round "9"]
[White "Cemhan,K"]
[Black "Choladze,M"]
[Result "1/2-1/2"]
[WhiteElo "1813"]
[BlackElo "1780"]

1.e4 c5 2.Nf3 d6 3.d4 cxd4 4.Nxd4 Nf6 5.Nc3 a6 6.g3 e5 7.Nde2 Be6 8.Bg2 Be7
9.a4 O-O 10.h3 Nbd7 11.g4 Nc5 12.Ng3 Qc7 13.O-O Rfd8 14.Nd5 Bxd5 15.exd5 Rac8
16.g5 Ne8 17.f4 Nd7 18.Be4 exf4 19.Rxf4 Ne5 20.Rf2 g6 21.h4 Qd7 22.Bf4 Bf8
23.Bg2 Bg7 24.c3 Qg4 25.Qxg4 Nxg4 26.Rd2 Rc4 27.Ne4 f5 28.gxf6 Ngxf6 29.Bg5 Nxe4
30.Bxe4 Nf6 31.Bf3 Rf8 32.Re2  1/2-1/2

[Event "39th Olympiad Women"]
[Site "Khanty-Mansiysk RUS"]
[Date "2010.09.29"]
[Round "8"]
[White "Bojkovic,N"]
[Black "Dzagnidze,N"]
[Result "1-0"]
[WhiteElo "2368"]
[BlackElo "2534"]

1.e4 c5 2.Nf3 d6 3.d4 cxd4 4.Nxd4 Nf6 5.Nc3 a6 6.g3 e5 7.Nb3 Be7 8.Bg2 O-O
9.O-O Nbd7 10.a4 b6 11.Re1 Bb7 12.Nd2 Rc8 13.Nf1 Re8 14.Ne3 g6 15.Bd2 Bf8
16.Ng4 Nxg4 17.Qxg4 Rc4 18.Qe2 Qc7 19.Bf1 Rd4 20.Be3 Rb4 21.Rab1 f5 22.f3 fxe4
23.Nxe4 d5 24.Nf2 Rxa4 25.c3 d4 26.Bxd4 Re7 27.Be3 Rf7 28.Bg2 Nf6 29.Rbd1 Nd5
30.Bc1 Bg7 31.Ne4 Rf8 32.b3 Ra5 33.b4 Ra4 34.Qb2 Bc6 35.Qb3 Rd8 36.Ng5 b5
37.Ne6 Qa7+ 38.Be3 Nxe3 39.Rxd8+ Kf7 40.Nc5+ Nc4 41.Bf1 Bf6 42.Bxc4+ bxc4
43.Qxc4+ Kg7 44.Rg8+ Kh6 45.Qe6  1-0